000 00508nam a2200193 a 4500
001 1765435095313
003 YourLibrary
005 20251213131027.0
008 251211s2009##################000#0#eng##
020 _a9789052015453
082 0 4 _a895.1152WON
100 1 _aWong, Lisa Lai-Ming,
_eauthor.
245 1 0 _aRays of the Searching Sun :
260 _bPeter Lang,
_c2009.
300 _a306 pages
650 0 _aForeign Language Study.
942 _cENGLISH
040 _aYourLibrary
_beng
_cYourLibrary
999 _c602412
_d602412